Du lịch Hoa Kỳ. CD2 [Đĩa CD-ROM] /
Đã lưu trong:
| Tác giả chính: | |
|---|---|
| Định dạng: | CD |
| Ngôn ngữ: | Vietnamese |
| Được phát hành: |
TP.HCM :
Trung tâm Băng nhạc Rạng Đông,
2006
|
| Các nhãn: |
Thêm thẻ
Không có thẻ, Là người đầu tiên thẻ bản ghi này!
|
| Thư viện lưu trữ: | Thư viện Trường Đại học Đà Lạt |
|---|
| LEADER | 00649nam a2200265 4500 | ||
|---|---|---|---|
| 001 | DLU060055202 | ||
| 005 | ##20050921 | ||
| 040 | # | # | |a DLU |b vie |
| 041 | # | # | |a vie |
| 044 | # | # | |a vn |
| 082 | # | # | |a 917.3 |b PH-H |
| 100 | # | # | |a Phượng Hoàng |
| 245 | # | # | |a Du lịch Hoa Kỳ. |n CD2 [Đĩa CD-ROM] / |c Phượng Hoàng |
| 256 | # | # | |a 4 3/4 in. |
| 260 | # | # | |a TP.HCM : |b Trung tâm Băng nhạc Rạng Đông, |c 2006 |
| 300 | # | # | |a 1đĩa CD-ROM 4 3/4 in. |
| 992 | # | # | |a 58000 |
| 994 | # | # | |a DLU |
| 900 | # | # | |a True |
| 911 | # | # | |a Nguyễn Xuân Phương |
| 925 | # | # | |a CD |
| 926 | # | # | |a A |
| 927 | # | # | |a CD |
| 980 | # | # | |a Thư viện Trường Đại học Đà Lạt |